Elementos de economía: introducción al análisis económico

Guardat en:
Dades bibliogràfiques
Autor principal: Massad Abud, Carlos (autor)
Altres autors: Lavados Montes, Hugo (autor)
Format: Llibre
Idioma:espanyol
Publicat: Santiago, Chile Universitaria 1997
Edició:Sexta edición
Matèries:
Etiquetes: Afegir etiqueta
Sense etiquetes, Sigues el primer a etiquetar aquest registre!

MARC

LEADER 00000nam a2200000 a 4500
001 UCH3877
003 CL-VaPUC
005 20211025113040.0
008 090818e19970000CL |||||||||||||||||spa|d
999 |c 335281  |d 335279 
020 |a 9561111799 
040 |c Pontificia Universidad Católica de Valparaíso 
082 0 4 |a 330.01 MAS 1997  |2 21 
100 |a Massad Abud, Carlos  |e autor  |9 589540 
245 1 0 |a Elementos de economía:   |b  introducción al análisis económico 
250 |a Sexta edición 
260 0 3 |a Santiago, Chile  |b Universitaria  |c 1997 
300 |a 251 páginas 
500 |a Donación familia profesor Sergio Soto Silva. Escuela de Mecánica. 
583 |a last modification  |c 20090818 00:00:00  |k Rodrigo Vera 
650 0 |a Economía financiera  |x Toma de decisiones   |9 359635 
650 0 |a Desarrollo económico  |9 259599 
650 0 |a Macroeconomía   |9 260301  |v Oferta y demanda 
700 |a Lavados Montes, Hugo  |e autor  |9 616728 
942 |c BK  |2 ddc 
945 |d 20090818 00:00:00  |a lazolas 
952 |0 0  |1 0  |2 ddc  |4 0  |6 330_010000000000000_MAS_1997  |7 0  |9 578337  |a BIBMEC  |b BIBMEC  |d 2021-06-29  |i 5622573  |o 330.01 MAS 1997  |p 5622573  |r 2024-01-19  |t 1  |w 2021-06-29  |y BK  |k MEC